ARRUPE JESUIT UNIVERSITY

CORONAVIRUS -STOP THE SPREAD - CLEAN,DISINFECT,COVER

Eggs of birds breeding in Southern Africa (Record no. 124055)

MARC details
000 -LEADER
fixed length control field 00439nam a22001337a 4500
008 - FIXED-LENGTH DATA ELEMENTS--GENERAL INFORMATION
fixed length control field 160127b xxu||||| |||| 00| 0 eng d
050 ## - LIBRARY OF CONGRESS CALL NUMBER
Classification number SPC QL675.P74 1948
100 ## - MAIN ENTRY--PERSONAL NAME
Personal name Priest Cecil Damer
9 (RLIN) 21854
245 ## - TITLE STATEMENT
Title Eggs of birds breeding in Southern Africa
Statement of responsibility, etc Cecil D. Priest
260 ## - PUBLICATION, DISTRIBUTION, ETC. (IMPRINT)
Place of publication, distribution, etc Glasgow
Name of publisher, distributor, etc Robert Maclehose and Co. Ltd.
Date of publication, distribution, etc 1948
300 ## - PHYSICAL DESCRIPTION
Extent xii, 180p. ;
Dimensions 25cm.
650 ## - SUBJECT ADDED ENTRY--TOPICAL TERM
Topical term or geographic name as entry element Eggs of Southern African birds
9 (RLIN) 21855
942 ## - ADDED ENTRY ELEMENTS (KOHA)
Source of classification or shelving scheme Library of Congress Classification
Item type SPC
Holdings
Withdrawn status Lost status Source of classification or shelving scheme Damaged status Not for loan Collection code Home library Current library Shelving location Date acquired Total Checkouts Full call number Barcode Date last seen Price effective from Koha item type
    Library of Congress Classification     SPECIAL Collection ARRUPE LIBRARY ARRUPE LIBRARY Reference 27/01/2016   SPC QL675.P74 1948 46500006142 27/01/2016 27/01/2016 SPC

 

Arrupe Library. PO Box MP320 Mt Pleasant, Harare, Zimbabwe
263 242 745411|librarian@aju.ac.zw